Variability in response to Phytophthora abnormal leaf fall infection among W x A hybrids in a small scale trial in India (Record no. 72087)

MARC details
000 -LEADER
fixed length control field 00572nam a2200157Ia 4500
100 ## - MAIN ENTRY--AUTHOR NAME
Personal name Narayanan C
245 #0 - TITLE STATEMENT
Title Variability in response to Phytophthora abnormal leaf fall infection among W x A hybrids in a small scale trial in India
260 ## - PUBLICATION, DISTRIBUTION, ETC. (IMPRINT)
Name of publisher IRRDB-RRII Workshop on Multilateral Clone Exchange, 4-6 June 2014, Rubber Research Institute of India, Kottayam, India.
650 ## - SUBJECT ADDED ENTRY--TOPICAL TERM
Topical Term Abnormal leaf fall
650 ## - SUBJECT ADDED ENTRY--TOPICAL TERM
Topical Term Phytophthora
650 ## - SUBJECT ADDED ENTRY--TOPICAL TERM
Topical Term WxA hybrid
700 ## - ADDED ENTRY--PERSONAL NAME
Personal name Mydin K K
856 ## - ELECTRONIC LOCATION AND ACCESS
Uniform Resource Identifier No article
942 ## - ADDED ENTRY ELEMENTS (KOHA)
Koha item type Journals
Holdings
Withdrawn status Lost status Damaged status Not for loan Home library Current library Shelving location Date acquired Koha item type
      Journals RRII Library RRII Library Botany 17/12/2021 Journals